书目信息 |
| 题名: |
Photoshop平面设计
|
|
| 作者: | 齐于春 | |
| 分册: | ||
| 出版信息: | 中国建材工业出版社 1998.11 |
|
| 页数: | 229页 | |
| 开本: | ||
| 丛书名: | ||
| 单 册: | ||
| 中图分类: | TP317.4 | |
| 科图分类: | ||
| 主题词: | 软件 | |
| 电子资源: | ||
| ISBN: | 978-7-5612-6123-1 | |
| 000 | 00511nam0 2200193 45 | |
| 001 | 0308271030 | |
| 005 | 20030827105724.0 | |
| 010 | @a978-7-5612-6123-1@d798.00元 | |
| 100 | @a20030827d1998 km y0chiy0120 ea | |
| 101 | @achi | |
| 105 | @a z 000yy | |
| 200 | 1 | @aPhotoshop平面设计@APhotoshop ping mian she ji@f齐于春@Fqi yu chun |
| 210 | @c中国建材工业出版社@d1998.11 | |
| 215 | @a229页 | |
| 606 | 0 | @a软件 |
| 690 | @aTP317.4@v3 | |
| 701 | 0 | @a齐于春 |
| 801 | @aCN@b@c20030827 | |
| 905 | @aBZT@dTP317.4@e130 | |
| Photoshop平面设计/齐于春.-中国建材工业出版社,1998.11 |
| 229页 |
| ISBN 978-7-5612-6123-1:798.00元 |
| ● |
| 相关链接 |
|
|
|
正题名:Photoshop平面设计
索取号:TP317.4/130
 
预约/预借
| 序号 | 登录号 | 条形码 | 馆藏地/架位号 | 状态 | 备注 |
| 1 | 106836 | 201151485 | 中心书库中库/ 中库027架A面3列6层4/ [索取号:TP317.4/130] | 在馆 |